Normal view
MARC view
- Ryan, William
Entry Personal Name
001 - CONTROL NUMBER
- control field: 44841
003 - CONTROL NUMBER IDENTIFIER
- control field: NUST
005 - DATE AND TIME OF LATEST TRANSACTION
- control field: 20210314133057.0
008 - FIXED-LENGTH DATA ELEMENTS
- fixed length control field: 210314|| aca||aabn | a|a d
040 ## - CATALOGING SOURCE
- Original cataloging agency: NUST
- Transcribing agency: NUST
100 ## - HEADING--PERSONAL NAME
- Personal name: Ryan, William
670 ## - SOURCE DATA FOUND
- Source citation: Work cat.: (NUST): Ryan, William,, Properties of ceramic raw materials, 1978.
